ბათუმის შოთა რუსთაველის სახელმწიფო უნივერსიტეტის ბიბლიოთეკა

ამბავი სიაუშისა / (ბიბ.ჩანაწერი № 56017)

000 -ლიდერი
ფიქსირებული სიგრძის საკონტროლო ველი 01137nam a2200241Ia 4500
001 - საკონტროლო ნომერი
საკონტროლო ველი 23117
003 - საკონტროლო ნომრის იდენტიფიკატორი
საკონტროლო ველი GE_BSU
005 - ბოლო ოპერაციის თარიღი და დრო
საკონტროლო ველი 20240117114350.0
008 - ფიქსირებული სიგრძის მონაცემთა ელემენტები - ზოგადი ინფორმაცია
ფიქსირებული სიგრძის საკონტროლო ველი 181216s1979||||ge |||||||||||||| ||geo||
040 ## - კატალოგიზაციის წყარო
Transcribing agency GE_BSU
041 ## - ენის კოდი
Language code of text/sound track or separate title geo
080 ## - უნივერსალური ათობითი კლასიფიკაციის ინდექსი
Universal Decimal Classification number 821.222.1-11 ფ-62
100 ## - მთავარი ჩანაწერი - პიროვნების სახელი
Personal name ფირდოუსი
9 (RLIN) 105
245 ## - ცნობა სათაურის შესახებ
Title ამბავი სიაუშისა /
Statement of responsibility, etc სპარს. თარგმნა ბ. შალვაშვილმა ; საქ. სსრ მხატვრ. თარგმ. და ლიტ. ურთიერთობათა მთ. სარედ. კოლეგია.
Remainder of title [ნაწყვეტი პოემიდან "შაჰნამე" /
250 ## - გამოცემის ცნობა
Edition statement 1-ლი გამოცემა
264 ## - წარმოების, გამოცემის, დისტრიბუციის და სხვა ცნობები
გამოცემის, წარმოების, დისტრიბუციის... ადგილი თბილისი :
გამოცემის, წარმოების, დისტრიბუციის... სახელწოდება მერანი,
გამოცემის, წარმოების, დისტრიბუციის... თარიღი 1979.
300 ## - ფიზიკური აღწერა
Extent 351გვ. :
Other physical details ილ. ;
Dimensions 20 სმ.
653 ## - INDEX TERM--UNCONTROLLED
Uncontrolled term ამბავი სიაუშისა
700 ## - ADDED ENTRY--PERSONAL NAME
Personal name შალვაშვილი, ბ.
Relator term მთარგმნელი
9 (RLIN) 19222
700 ## - ADDED ENTRY--PERSONAL NAME
Personal name კეჭაყმაძე, ე.
Relator term რედაქტორი
9 (RLIN) 19223
942 ## - ADDED ENTRY ELEMENTS (KOHA)
Koha item type წიგნი
Source of classification or shelving scheme
ეგზემპლარები
ჩამოწერის სტატუსი დაკარგული ეგზემპლარის სტატუსი კლასიფიკაციის წყარო ან თაროზე გაწყობის სქემა დაზიანების სტატუსი არ გაიცემა მუდმივი მდებარეობა (დაცვის ადგილი) ამჟამინდელი ადგილსამყოფელი თაროზე განთავსების ადგილი შეძენის თარიღი ღირებულება, შესყიდვის ნორმალური ფასი სრული შენახვის შიფრი შტრიხკოდი ბოლო ოპერაციის თარიღი ეგზემპლარის მიმდევრობითი ნომერი (კეტერი?) ფასის ძალაში შესვლის თარიღი ეგზემპლარის სახეობა საჯარო შენიშვნა
          ბათუმის შოთა რუსთაველის სახელმწიფო უნივერსიტეტის მთავარი ბიბლიოთეკა ბათუმის შოთა რუსთაველის სახელმწიფო უნივერსიტეტის მთავარი ბიბლიოთეკა წიგნსაცავი 2018-12-17 1.00 821.222.1-11 ფ-62 58525 2018-12-17 58525 2018-12-17 წიგნი 1 ლ.